ბათუმის შოთა რუსთაველის სახელმწიფო უნივერსიტეტის ბიბლიოთეკა

Психологические тексты. Самая полная энциклопедия (ბიბ.ჩანაწერი № 35170)

000 -LEADER
fixed length control field 00768nam a2200253Ia 4500
001 - CONTROL NUMBER
control field 1015
003 - CONTROL NUMBER IDENTIFIER
control field GE_BSU
008 - FIXED-LENGTH DATA ELEMENTS--GENERAL INFORMATION
fixed length control field 181216s||||||||xx |||||||||||||| ||und||
020 ## - INTERNATIONAL STANDARD BOOK NUMBER
International Standard Book Number 9785975702975
040 ## - CATALOGING SOURCE
Transcribing agency GE_BSU
080 ## - UNIVERSAL DECIMAL CLASSIFICATION NUMBER
Universal Decimal Classification number 159.9
245 ## - TITLE STATEMENT
Title Психологические тексты. Самая полная энциклопедия
245 ## - TITLE STATEMENT
Remainder of title Серия "Карманная библиотека
245 ## - TITLE STATEMENT
Statement of responsibility, etc. Сост.Н.А. Преображенская
260 ## - PUBLICATION, DISTRIBUTION, ETC.
Place of publication, distribution, etc. Екатеринбург
260 ## - PUBLICATION, DISTRIBUTION, ETC.
Name of publisher, distributor, etc. У-Фактория
260 ## - PUBLICATION, DISTRIBUTION, ETC.
Date of publication, distribution, etc. 2010
300 ## - PHYSICAL DESCRIPTION
Extent 608стр.
653 ## - INDEX TERM--UNCONTROLLED
Uncontrolled term Психологические тексты
653 ## - INDEX TERM--UNCONTROLLED
Uncontrolled term Психология
653 ## - INDEX TERM--UNCONTROLLED
Uncontrolled term ფსიქოლოგია
942 ## - ADDED ENTRY ELEMENTS (KOHA)
Koha item type წიგნი
ეგზემპლარები
Withdrawn status Lost status Damaged status Not for loan Date acquired Barcode Date last seen Price effective from Koha item type
        2018-12-17 1142 2018-12-17 2018-12-17 წიგნი